Excess photosynthetic electrons: A matter of life and death for green leaves of Hevea experiencing drought stress (Record no. 52497)

MARC details
000 -LEADER
fixed length control field 00646nam a2200145Ia 4500
100 ## - MAIN ENTRY--AUTHOR NAME
Personal name Jacob J.[a]
245 #0 - TITLE STATEMENT
Title Excess photosynthetic electrons: A matter of life and death for green leaves of Hevea experiencing drought stress
260 ## - PUBLICATION, DISTRIBUTION, ETC. (IMPRINT)
Name of publisher In: Recent advances in plantation crops research: Placrosym XIII, 16-18 December 1998, Coimbatore, Tamil Nadu, India. (Eds. N. Muraleedharan and R. Raj Kumar). Allied Publishers, New Delhi, India, pp. 215-219.
Year of publication 2000
650 ## - SUBJECT ADDED ENTRY--TOPICAL TERM
Topical Term Chlorophyll fluorescence
650 ## - SUBJECT ADDED ENTRY--TOPICAL TERM
Topical Term Drought stress
650 ## - SUBJECT ADDED ENTRY--TOPICAL TERM
Topical Term PS2 activity
700 ## - ADDED ENTRY--PERSONAL NAME
Personal name Karaba K.N.
942 ## - ADDED ENTRY ELEMENTS (KOHA)
Koha item type Bibliography STAF
Holdings
Withdrawn status Lost status Damaged status Not for loan Home library Current library Date acquired Koha item type
      Bibliography RRII Library RRII Library 09/04/2014 Bibliography STAF